Las recientes modificaciones en el impuesto sobre los bienes personales (Registro nro. 20211)

Detalles MARC
000 -LEADER
fixed length control field 00387 a2200121 4500
001 - CONTROL NUMBER
control field ART_48293
005 - DATE AND TIME OF LATEST TRANSACTION
control field 20260410161757.0
008 - FIXED-LENGTH DATA ELEMENTS--GENERAL INFORMATION
fixed length control field 260409a
100 1# - MAIN ENTRY--PERSONAL NAME
Personal name Rolando, Félix José
245 10 - TITLE STATEMENT
Title Las recientes modificaciones en el impuesto sobre los bienes personales
700 1# - ADDED ENTRY--PERSONAL NAME
Personal name Dreiling, Paola E.
773 0# - HOST ITEM ENTRY
Title Doctrina tributaria
Related parts - N°467 (feb. 2019)
Record control number REV4296

No hay ítems disponibles.